00450nam a2200169Ia 4500008004100000020001800041245006000059245004500119260001500164260001600179260000900195300001400204300002500218300001000243440001900253500000800272170705s9999 xx 000 0 und d a9781403772985 aGrover's 10 terrific ways to help our wonderful world / cby Anna Ross ; illustrated by Tom Leigh. aNew York : bScholastic, c2010 aunpaged : bcolor illustration ; c20cm. aSesame street. a630